[Event "Tourn. n9942"]
[Site "www.echecsemail.com"]
[Date "2018.09.14"]
[Round "1"]
[White "Kuriero"]
[Black "Fantomas"]
[WhiteElo "2220"]
[BlackElo "2080"]
[Result "1-0"]
[Round "1"]
1.d4 Ng8f6
2.c4 e6
3.g3 d5
4.Bf1g2 h6
5.Ng1f3 dxc4
6.Qd1a4 Bc8d7
7.Qa4xc4 Bd7c6
8.Nb1c3 a6
9.a3 Nb8d7
10.O-O Nd7b6
11.Qc4d3 Bf8e7
12.Rf1e1 O-O
13.e4 Nf6h7
14.Nf3e5 Bc6e8
15.Bc1e3 Be7f6
16.Ne5c4 Nb6xc4
17.Qd3xc4 c6
18.Ra1d1 Bf6e7
19.d5 exd5
20.exd5 b5
21.Qc4b3 Qd8c8
22.Be3xh6 Be7c5
23.Bh6f4 Be8d7
24.Nc3e4 Bc5a7
25.Ne4d6 Qc8d8
26.dxc6 { resign }
1-0

[Event "Match"]
[Site "www.echecsemail.com"]
[Date "2018.09.14"]
[Round "1"]
[White "Deneb"]
[Black "Stevep84"]
[WhiteElo "1819"]
[BlackElo "2320"]
[Result "1-0"]
[Round "1"]
1.e4 e6
2.d4 d5
3.Nb1c3 Bf8b4
4.e5 Ng8e7
5.a3 Bb4xc3
6.bxc3 c5
7.Qd1g4 Qd8c7
8.Qg4xg7 Rh8g8
9.Qg7xh7 cxd4
10.Ng1e2 Nb8c6
11.f4 dxc3
12.Qh7d3 Bc8d7
13.Qd3xc3 Ne7f5
14.Ra1b1 O-O-O
15.Rh1g1 d4
16.Qc3d3 Nc6a5
17.Rb1b4 Na5c6
18.Rb4b2 a6
19.g4 Nc6a5
20.gxf5 Bd7b5
21.Rb2xb5 axb5
22.Rg1xg8 Rd8xg8
23.fxe6 fxe6
24.Ne2xd4 Rg8d8
25.Nd4xe6 Rd8xd3
26.Ne6xc7 Rd3c3
27.Nc7xb5 Rc3xc2
28.Bc1e3 Rc2xh2
29.e6 Na5c6
30.f5 Kd8
31.f6 Rh2b2
32.f7 Ke7
33.Be3g5 Kf8
34.Bg5h6 { resign }
1-0

[Event "Tourn. n9906"]
[Site "www.echecsemail.com"]
[Date "2018.09.14"]
[Round "1"]
[White "Iituchess"]
[Black "Alekpax"]
[WhiteElo "2559"]
[BlackElo "2420"]
[Result "0-1"]
[Round "1"]
1.e4 e5
2.Ng1f3 Nb8c6
3.Bf1b5 Ng8f6
4.O-O Nf6xe4
5.d4 Ne4d6
6.Bb5xc6 dxc6
7.dxe5 Nd6f5
8.Qd1xd8 Kxd8
9.Rf1d1 Ke8
10.Nb1c3 Nf5e7
11.h3 Ne7g6
12.Nc3e2 Bf8e7
13.b3 f6
14.Bc1b2 Kf7
15.Rd1d3 a5
16.exf6 Be7xf6
17.Bb2xf6 gxf6
18.Ra1d1 a4
19.Kh2 axb3
20.axb3 Rh8e8
21.Ne2g3 Ra8a5
22.Rd3c3 Re8e7
23.Rd1d8 Re7e8
 { time }
0-1

[Event "Tourn. n9887"]
[Site "www.echecsemail.com"]
[Date "2018.09.14"]
[Round "1"]
[White "Falcoale"]
[Black "J1j6"]
[WhiteElo "1920"]
[BlackElo "1940"]
[Result "0-1"]
[Round "1"]
1.e4 e6
2.d4 d5
3.exd5 exd5
4.Ng1f3 Nb8c6
5.Bc1f4 Ng8e7
6.Bf1b5 Bc8d7
7.O-O a6
8.Bb5a4 b5
9.Ba4b3 Bd7e6
10.Rf1e1 Qd8c8
11.c3 Ne7f5
12.Bb3xd5 Qc8d7
13.Bd5xe6 fxe6
14.Nf3e5 Nc6xe5
15.Bf4xe5 Rh8g8
16.Qd1e2 Qd7d5
17.c4 Qd5b7
18.Qe2h5 Kd8
19.c5 g5
20.Be5f6 Kd7
21.Qh5f7 Bf8e7
22.Re1c1 Qb7c6
23.Bf6xe7 Rg8g7
24.Qf7h5 Nf5h4
25.f3 Kxe7
26.Nb1c3 Ra8f8
27.Rc1e1 Rf8f5
28.Qh5g4 h6
29.Re1e3 Rf5f4
30.Qg4g3 Rf4xd4
31.Ra1e1 Rg7g6
32.Qg3e5 Rd4c4
33.Qe5h8 g4
34.Qh8h7 Kf8
35.Qh7h8 Ke7
36.Qh8h7 Kd8
37.Qh7h8 Kd7
38.Nc3e4 gxf3
39.Ne4f6 Ke7
40.Nf6g8 Kf7
41.Ng8xh6 Rg6xh6
42.Qh8xh6 f2
43.Kf1 Qc6xg2
44.Ke2 fxe1Q
{ resign }
0-1

[Event "Tourn. n9915"]
[Site "www.echecsemail.com"]
[Date "2018.09.14"]
[Round "1"]
[White "Minorsana"]
[Black "Picifarkinca"]
[WhiteElo "1459"]
[BlackElo "1450"]
[Result "1-0"]
[Round "1"]
1.e4 c5
2.Ng1f3 Nb8c6
3.d4 cxd4
4.Nf3xd4 Qd8b6
5.Nd4b3 e6
6.Nb1c3 Ng8f6
7.a3 a6
8.Bc1f4 e5
9.Bf4e3 Qb6c7
10.Bf1d3 d6
11.O-O b5
12.Ra1c1 Bc8e6
13.Nc3d5 Be6xd5
14.exd5 Nf6xd5
15.c4 Nd5xe3
16.fxe3 Qc7b6
17.Qd1f3 Ra8c8
18.Qf3xf7 Kd8
19.c5 Qb6c7
20.Qf7f3 Bf8e7
21.Bd3f5 Rc8b8
22.cxd6 Be7xd6
23.Rc1xc6 { resign }
1-0

[Event "Match"]
[Site "www.echecsemail.com"]
[Date "2018.09.14"]
[Round "1"]
[White "Kevinking"]
[Black "Apdash"]
[WhiteElo "1990"]
[BlackElo "1840"]
[Result "0-1"]
[Round "1"]
1.c4 e5
2.Nb1c3 Ng8f6
3.g3 Bf8c5
4.Ng1f3 d6
5.Bf1g2 Nb8c6
6.O-O O-O
7.d3 h6
8.e3 Bc8f5
9.a3 a5
10.b3 Qd8d7
11.Bc1b2 e4
12.dxe4 Nf6xe4
13.Nc3xe4 Bf5xe4
14.Nf3e5 Nc6xe5
15.Bg2xe4 Qd7h3
16.Be4g2 Qh3f5
17.e4 Qf5g5
18.Bb2c1 Qg5e7
19.Kh1 c6
20.f4 Ne5g6
21.Bc1b2 b5
22.cxb5 cxb5
23.Bb2d4 Ra8c8
24.Qd1d3 Bc5xd4
25.Ra1b1 Bd4a7
26.Rb1c1 b4
27.axb4 axb4
28.Rf1d1 Rc8xc1
29.Rd1xc1 Ba7c5
30.Bg2f3 Qe7a7
31.Kg2 Qa7a3
32.Qd3b1 Bc5d4
33.Bf3d1 Bd4c3
34.Bd1c2 Rf8d8
35.Rc1d1 Ng6e7
36.Rd1d3 d5
37.exd5 Ne7xd5
38.Kh3 Qa3a6
39.Qb1f1 Qa6e6
40.f5 Qe6b6
41.Qf1e2 Nd5f6
42.Rd3xd8 Qb6xd8
43.Bc2d3 Nf6h7
44.Bd3c4 Nh7g5
45.Kg4 Kh7
46.Qe2d3 Qd8xd3
{ resign }
0-1

[Event "Tourn. n9919"]
[Site "www.echecsemail.com"]
[Date "2018.09.14"]
[Round "1"]
[White "Awfen"]
[Black "Hundegana"]
[WhiteElo "2080"]
[BlackElo "2060"]
[Result "1-0"]
[Round "1"]
1.e4 c5
2.Ng1f3 a6
3.Bf1c4 e6
4.O-O Nb8c6
5.c3 Ng8f6
6.Rf1e1 Bf8e7
7.d4 O-O
8.Nb1d2 Qd8c7
9.Bc4d3 cxd4
10.cxd4 Nc6b4
11.Nd2c4 Nb4xd3
12.Qd1xd3 h6
13.e5 Nf6d5
14.a3 b5
15.Nc4d2 Bc8b7
16.Nd2e4 Ra8c8
17.Bc1d2 Qc7b8
18.Kh1 f5
19.exf6 Nd5xf6
20.Ne4xf6 Be7xf6
21.Bd2e3 Bb7xf3
22.gxf3 Qb8b7
23.Be3xh6 gxh6
24.Re1g1 Bf6g7
25.Rg1g3 Rf8f7
26.Ra1g1 d6
27.Qd3e3 e5
28.dxe5 dxe5
29.Qe3xh6 Rc8c7
30.Qh6e6 Rc7e7
31.Rg3xg7 Kf8
32.Rg7g8 { resign }
1-0

[Event "Tourn. n9908"]
[Site "www.echecsemail.com"]
[Date "2018.09.14"]
[Round "1"]
[White "Bojan"]
[Black "Comrade"]
[WhiteElo "2000"]
[BlackElo "2180"]
[Result "0-1"]
[Round "1"]
1.e4 e6
2.d4 d5
3.exd5 exd5
4.c4 dxc4
5.Bf1xc4 c5
6.d5 Ng8f6
7.h3 Nb8d7
8.Qd1f3 Bf8d6
9.Bc1e3 Nd7e5
10.Qf3e2 a6
11.Bc4b3 O-O
12.Ng1f3 Rf8e8
13.Nb1d2 b5
14.a4 c4
15.Bb3c2 Bc8b7
16.axb5 axb5
17.O-O Bb7xd5
18.Ra1d1 Qd8c7
19.Rd1c1 c3
20.bxc3 Ne5xf3
21.Nd2xf3 Bd6a3
22.Rc1a1 Qc7xc3
23.Be3d4 Re8xe2
24.Bd4xc3 Re2xc2
25.Bc3b4 Ba3xb4
26.Ra1xa8 Bd5xa8
{ resign }
0-1

[Event "Tourn. n9895"]
[Site "www.echecsemail.com"]
[Date "2018.09.14"]
[Round "1"]
[White "Alcon"]
[Black "Luizassis"]
[WhiteElo "1199"]
[BlackElo "1390"]
[Result "1-0"]
[Round "1"]
1.d4 Ng8f6
2.Ng1f3 g6
3.Bc1g5 Bf8g7
4.c4 d5
5.e3 O-O
6.Nb1c3 Bc8g4
7.h3 Bg4f5
8.Bf1e2 Nf6e4
9.Bg5f4 c6
10.Qd1b3  { time }
1-0

[Event "1/16 Finale"]
[Site "www.chess-mail.com"]
[Date "2018.09.14"]
[Round "1"]
[White "Add"]
[Black "Asoka"]
[WhiteElo "2230"]
[BlackElo "2710"]
[Result "0-1"]
[Round "1"]
1.e4 c5
2.Ng1f3 d6
3.h3 Ng8f6
4.Nb1c3 Nb8c6
5.d4 cxd4
6.Nf3xd4 e5
7.Nd4f3 Bc8e6
8.Nc3d5 Nf6xe4
9.c3 Qd8a5
10.b4 Qa5xd5
11.Qd1xd5 Be6xd5
12.Bc1b2 Bf8e7
13.Bf1e2 Ra8c8
14.O-O O-O
15.a3 Nc6d8
16.Ra1c1 Bd5c4
17.Be2xc4 Rc8xc4
18.Rf1d1 Nd8e6
19.Rc1c2 Rf8c8
20.Nf3d2 Ne4xc3
21.Nd2xc4 Nc3xd1
22.Rc2d2 Rc8xc4
23.Rd2xd1 Rc4c2
24.Bb2c1 d5
25.Kf1 g5
26.g4 Kg7
{ resign }
0-1

[Event "Match"]
[Site "www.echecsemail.com"]
[Date "2018.09.15"]
[Round "1"]
[White "Lcbunghai"]
[Black "Liencam2"]
[WhiteElo "2170"]
[BlackElo "2370"]
[Result "0-1"]
[Round "1"]
1.e4 c5
2.Ng1f3 e6
3.d4 cxd4
4.Nf3xd4 a6
5.Bf1e2 Ng8f6
6.Be2f3 d6
7.O-O Nb8d7
8.b4 Nd7e5
9.Nb1d2 Ne5xf3
10.Qd1xf3 Bf8e7
11.Bc1b2 Qd8c7
12.Ra1c1 b6
13.Rf1e1 Bc8b7
14.c3 O-O
15.a4 Nf6d7
16.Qf3h3 Nd7e5
17.f4 Ne5g6
18.f5 exf5
19.exf5 Ng6e5
20.Qh3g3 Qc7d7
{ resign }
0-1

[Event "Tourn. n9875"]
[Site "www.echecsemail.com"]
[Date "2018.09.15"]
[Round "1"]
[White "Odin"]
[Black "Malbertan"]
[WhiteElo "1910"]
[BlackElo "2020"]
[Result "1-0"]
[Round "1"]
1.e4 e5
2.Ng1f3 Nb8c6
3.Bf1c4 Ng8f6
4.Nf3g5 d5
5.exd5 Nc6a5
6.Bc4b5 c6
7.dxc6 bxc6
8.Bb5a4 h6
9.Ng5f3 Bf8d6
10.c3 O-O
11.O-O e4
12.Nf3d4 Bc8g4
13.f3 exf3
14.gxf3 Bg4h3
15.Rf1f2 Nf6d5
16.d3 c5
17.Nd4c6 Qd8b6
18.c4 Na5xc6
19.cxd5 Nc6b4
20.Bc1e3 Nb4xd5
21.Be3c1 Bd6e5
22.f4 Be5d4
23.Qd1f3 Bd4xf2
24.Qf3xf2 Qb6g6
25.Kh1 Qg6xd3
26.Ba4c2 Qd3d4
27.Qf2xd4 cxd4
28.Bc2e4 Ra8d8
29.Bc1d2 Nd5e3
30.Bd2a5 Rd8b8
31.b3 Rf8e8
32.Nb1d2 Rb8c8
33.Be4b7 Rc8b8
34.Bb7c6 Re8c8
35.Bc6e4 f5
36.Be4d3 Ne3c2
37.Ra1c1 Nc2b4
38.Rc1xc8 Rb8xc8
39.Bd3c4 Rc8xc4
40.bxc4 Nb4c6
41.Ba5c7 Kf7
42.Nd2f3 Bh3f1
43.c5 Bf1c4
44.a3 Bc4d5
45.Kg2 Ke7
46.Bc7d6 Ke6
47.h4 a6
48.Kf2 Nc6a5
49.Nf3xd4 Kf6
50.Bd6e5 Kf7
51.Nd4xf5 { resign }
1-0

[Event "Match"]
[Site "www.echecsemail.com"]
[Date "2018.09.15"]
[Round "1"]
[White "Luzhin"]
[Black "Lcbunghai"]
[WhiteElo "2460"]
[BlackElo "2170"]
[Result "1-0"]
[Round "1"]
1.e4 c5
2.Nb1c3 d6
3.d4 cxd4
4.Qd1xd4 Nb8c6
5.Qd4d3 g6
6.Bf1e2 Bf8g7
7.Ng1f3 Nc6e5
8.Nf3xe5 Bg7xe5
9.f4 Be5g7
10.Bc1e3 Bg7xc3
11.Qd3xc3 Ng8f6
12.Ra1d1 O-O
13.e5 Nf6e8
14.O-O Bc8f5
15.Rd1d2 b6
16.g4 Bf5e4
17.f5 gxf5
18.Be3h6 Ne8g7
19.exd6 f6
20.gxf5 { resign }
1-0

[Event "Match"]
[Site "www.echecsemail.com"]
[Date "2018.09.15"]
[Round "1"]
[White "Lcbunghai"]
[Black "Virgil08bv"]
[WhiteElo "2170"]
[BlackElo "2570"]
[Result "0-1"]
[Round "1"]
1.e4 d6
2.d4 Ng8f6
3.Nb1c3 g6
4.Ng1f3 Bf8g7
5.Bf1e2 O-O
6.O-O c6
7.h3 Qd8c7
8.Bc1e3 Nb8d7
9.Qd1d2 b5
10.b4 a5
11.a3 Rf8e8
12.Ra1b1 Bc8b7
13.Be3h6 Bg7xh6
14.Qd2d3 e5
15.Rf1d1 Ra8d8
16.d5 cxd5
{ resign }
0-1

[Event "Tourn. n9843"]
[Site "www.echecsemail.com"]
[Date "2018.09.15"]
[Round "1"]
[White "Jose"]
[Black "Szustan"]
[WhiteElo "2800"]
[BlackElo "2640"]
[Result "1-0"]
[Round "1"]
1.e4 e5
2.Ng1f3 Nb8c6
3.Bf1b5 a6
4.Bb5a4 Ng8f6
5.O-O Nf6xe4
6.d4 b5
7.Ba4b3 d5
8.dxe5 Bc8e6
9.Nb1d2 Ne4c5
10.c3 d4
11.Bb3xe6 Nc5xe6
12.cxd4 Nc6xd4
13.a4 Bf8e7
14.Nf3xd4 Qd8xd4
15.axb5 Qd4xe5
16.bxa6 O-O
17.Nd2f3 Qe5b5
18.a7 Qb5b7
19.Bc1e3 c5
20.Qd1a4 Rf8c8
21.Ra1a2 Rc8c7
22.Rf1a1 Qb7d5
23.Qa4c2 Be7f6
24.Qc2d2 Qd5c6
25.h4 h6
26.Ra2a6 Qc6b7
27.Ra1a2 Rc7d7
28.Qd2c2 Bf6d4
29.Qc2a4 Bd4xe3
30.fxe3 Rd7e7
31.Qa4c4 Ne6c7
32.Ra6a5 Re7xe3
33.Qc4xc5 Re3e6
34.b4 Nc7a6
35.Qc5d4 Re6e4
36.Qd4d3 Na6c7
37.b5 Qb7b6
38.Kh1 Re4b4
39.Qd3d7 Rb4c4
40.Ra2a1 Rc4c5
41.Qd7d4 Rc5xb5
42.Ra5xb5 Qb6xb5
43.Nf3e5 Qb5e8
44.Qd4c5 Nc7e6
45.Qc5c4 Ne6f8
46.Ne5c6 Nf8d7
47.Qc4b4 Nd7e5
48.Nc6e7 Kh8
49.Qb4b7 Ne5g4
50.Ra1e1 Qe8f8
51.Re1f1 Qf8d8
52.h5 Kh7
53.Qb7b1 Kh8
54.Rf1xf7 Qd8a5
55.Ne7g6 Kg8
56.Qb1f5 { resign }
1-0

[Event "Match"]
[Site "www.echecsemail.com"]
[Date "2018.09.15"]
[Round "1"]
[White "Guidom"]
[Black "Lcbunghai"]
[WhiteElo "2170"]
[BlackElo "2170"]
[Result "1-0"]
[Round "1"]
1.e4 Ng8f6
2.Nb1c3 e5
3.Ng1f3 d6
4.Bf1c4 Bf8e7
5.d3 O-O
6.O-O c6
7.Bc1g5 Bc8g4
8.h3 Bg4h5
9.Kh2 Qd8c7
10.Kh1 Rf8d8
11.Qd1e2 Nb8d7
12.Ra1c1 b5
13.Bc4b3 b4
14.Nc3d1 a5
15.c4 Nd7c5
16.Bb3c2 Nc5e6
17.Bg5e3 c5
18.Bc2a4 Ne6d4
19.Be3xd4 cxd4
20.g4 Bh5g6
21.Nf3h2 d5
22.f3 dxe4
23.fxe4 Qc7b7
24.Nd1f2 Be7c5
25.b3 h6
26.Nh2f3 Qb7c7
27.Nf3h4 Bg6h7
28.Nh4f5 Ra8b8
29.h4 Rb8b6
30.Nf2h3 Kh8
31.g5 hxg5
32.hxg5 Nf6g8
33.Qe2h5 g6
34.Qh5h4 gxf5
35.exf5 Qc7b7
36.Kg1 e4
37.g6 fxg6
38.Qh4xd8 { resign }
1-0

[Event "Match"]
[Site "www.echecsemail.com"]
[Date "2018.09.15"]
[Round "1"]
[White "Micheles"]
[Black "Darknight"]
[WhiteElo "2540"]
[BlackElo "1970"]
[Result "1-0"]
[Round "1"]
1.d4 d5
2.Ng1f3 h6
3.c4 e6
4.Nb1c3 a6
5.Bc1f4 dxc4
6.a4 a5
7.e3 Bf8b4
8.Bf1xc4 Ng8f6
9.O-O Bc8d7
10.d5 exd5
11.Nc3xd5 Bb4d6
12.Qd1b3 b6
13.Bf4xd6 cxd6
14.Nd5xb6 Ra8a7
15.Bc4xf7 Kf8
16.Nf3h4 Ra7b7
17.Nh4g6 
1-0

[Event "Match"]
[Site "www.echecsemail.com"]
[Date "2018.09.15"]
[Round "1"]
[White "Lcbunghai"]
[Black "Calponas"]
[WhiteElo "2180"]
[BlackElo "2080"]
[Result "0-1"]
[Round "1"]
1.e4 c5
2.Ng1f3 Nb8c6
3.d4 cxd4
4.Nf3xd4 Ng8f6
5.Nb1c3 d6
6.Bf1e2 g6
7.Bc1e3 Bf8g7
8.O-O Bc8d7
9.Be2f3 e5
10.Nd4b5 O-O
11.Nb5xd6 Bd7e6
12.Be3c5 Ra8b8
13.Nd6b5 Rf8e8
14.Qd1e2 a6
15.Rf1d1 Qd8a5
16.Qe2e3 axb5
17.Bc5b6 Qa5a6
18.a4 Nf6d7
19.Bb6c7 Rb8c8
20.axb5 Qa6xa1
21.Rd1xa1 Nc6d4
22.b6 Nd7c5
23.Bf3d1 h5
24.Ra1a5 Nc5a6
25.Bc7xe5 Bg7xe5
26.Ra5xe5 Nd4c6
27.Re5g5 Kh7
28.Bd1xh5 Na6b4
29.Bh5d1 Rc8d8
30.h4 Be6f5
{ resign }
0-1

[Event "Match"]
[Site "www.echecsemail.com"]
[Date "2018.09.15"]
[Round "1"]
[White "Jesmantiz"]
[Black "Lcbunghai"]
[WhiteElo "2210"]
[BlackElo "2180"]
[Result "1-0"]
[Round "1"]
1.d4 Ng8f6
2.e3 g6
3.Bf1d3 Bf8g7
4.f4 d5
5.Nb1d2 O-O
6.Ng1f3 c6
7.O-O Nb8d7
8.Nf3e5 Nd7b6
9.a4 a5
10.Qd1e1 e6
11.Rf1f3 Nf6d7
12.Rf3h3 Nd7xe5
13.fxe5 f5
14.Nd2f3 Qd8e7
15.b3 Rf8e8
16.Qe1g3 Qe7d8
17.Bc1d2 Bc8d7
18.Ra1f1 Ra8c8
19.c3 c5
20.Nf3g5 h6
21.Ng5f3 g5
22.Rh3h5 c4
23.bxc4 Nb6xc4
24.Bd2c1 Bd7xa4
25.h4 g4
26.Nf3h2 Re8f8
27.Nh2xg4 fxg4
28.Rf1xf8 Kxf8
29.Qg3xg4 Ba4e8
30.Bd3g6 Qd8e7
31.e4 { resign }
1-0

[Event "Tourn. n9918"]
[Site "www.echecsemail.com"]
[Date "2018.09.15"]
[Round "1"]
[White "Luizassis"]
[Black "Minorsana"]
[WhiteElo "1330"]
[BlackElo "1679"]
[Result "0-1"]
[Round "1"]
1.e4 e5
2.Ng1f3 Nb8c6
3.Bf1c4 Bf8c5
4.b4 Bc5xb4
5.c3 Bb4a5
6.Qd1b3 Qd8e7
7.Bc1a3 d6
8.O-O Ng8f6
9.Nf3g5 O-O
10.f4 Ba5b6
11.Kh1 Nc6a5
12.Qb3b4 exf4
13.Rf1xf4 Bc8d7
14.Bc4e2 Nf6d5
15.exd5 { time. }
0-1

[Event "Tourn. n9947"]
[Site "www.echecsemail.com"]
[Date "2018.09.15"]
[Round "1"]
[White "Estonia"]
[Black "Fantomas"]
[WhiteElo "2030"]
[BlackElo "2080"]
[Result "0-1"]
[Round "1"]
1.c4 c5
2.Nb1c3 Ng8f6
3.Ng1f3 g6
4.g3 d6
5.Bf1g2 Nb8c6
6.e3 Bf8g7
7.O-O Bc8g4
8.d4 cxd4
9.exd4 Nf6d7
10.Bc1e3 Nd7b6
11.b3 O-O
12.h3 Bg4f5
13.Ra1c1 Qd8c8
14.g4 Bf5d7
15.d5 Nc6e5
16.Nf3xe5 Bg7xe5
17.Nc3e2 Qc8d8
18.Be3d4 Be5xd4
19.Qd1xd4 Ra8b8
20.a4 Nb6c8
21.f4 f5
22.g5 a6
23.Ne2g3 b5
24.axb5 axb5
25.h4 Qd8b6
26.Qd4f2 Qb6xf2
27.Rf1xf2 bxc4
28.bxc4 Rb8b3
29.Rf2f3 Rb3b4
30.h5 e6
31.hxg6 hxg6
32.Rf3c3 Nc8b6
33.dxe6 Bd7xe6
34.c5 dxc5
35.Rc3xc5 Rb4c4
36.Rc1xc4 Nb6xc4
37.Bg2d5 Be6xd5
38.Rc5xd5 Rf8e8
39.Kf2 Kf7
40.Rd5c5 Nc4d6
41.Kf3 Re8e7
42.Ng3e2 Nd6e4
43.Ne2d4 Ne4xc5
{ resign }
0-1

[Event "Tourn. n9804"]
[Site "www.echecsemail.com"]
[Date "2018.09.15"]
[Round "1"]
[White "Jaroslavpech"]
[Black "Szustan"]
[WhiteElo "2460"]
[BlackElo "2630"]
[Result "1/2-1/2"]
[Round "1"]
1.e4 e5
2.Ng1f3 Nb8c6
3.Bf1b5 a6
4.Bb5a4 Ng8f6
5.O-O Nf6xe4
6.d4 b5
7.Ba4b3 d5
8.dxe5 Bc8e6
9.c3 Bf8e7
10.Nb1d2 O-O
11.Bb3c2 f5
12.Nd2b3 Qd8d7
13.Nb3d4 Nc6xd4
14.Nf3xd4 c5
15.Nd4xe6 Qd7xe6
16.f3 Ne4g5
17.a4 Ra8d8
18.axb5 axb5
19.Bc1xg5 Be7xg5
20.f4 Bg5e7
21.Kh1 d4
22.cxd4 c4
23.b3 Be7c5
24.bxc4 Rd8xd4
25.Qd1b1 bxc4
26.Ra1a5 Qe6c6
27.Bc2a4 Qc6c7
28.Ra5a6 Bc5e7
29.h3 Qc7b8
30.Qb1a1 Rf8d8
31.Rf1b1 Qb8c7
32.Ra6c6 Qc7a7
33.Ba4b5 Qa7xa1
34.Rb1xa1 Rd4xf4
35.Rc6c7 Be7f8
36.Bb5xc4 Kh8
37.e6 Rf4e4
38.Bc4d5 Re4e5
39.Rc7d7 Rd8e8
40.Kh2 h6
41.Kg3 Bf8e7
42.Kf4 Be7f6
43.Ra1a3 Kh7
44.g4 Re8b8
45.Ra3b3 Rb8xb3
46.Bd5xb3 fxg4
47.hxg4 h5
48.gxh5 Re5xh5
49.Rd7d5 Rh5xd5
{ draw }
1/2-1/2

[Event "Match"]
[Site "www.echecsemail.com"]
[Date "2018.09.15"]
[Round "1"]
[White "Witpar"]
[Black "Lcbunghai"]
[WhiteElo "2710"]
[BlackElo "2170"]
[Result "1-0"]
[Round "1"]
1.d4 Ng8f6
2.c4 e6
3.Ng1f3 d5
4.Nb1c3 Bf8e7
5.Bc1g5 O-O
6.e3 c6
7.Qd1c2 b6
8.cxd5 exd5
9.Bf1d3 h6
10.Bg5h4 Nb8d7
11.O-O Bc8b7
12.Ra1d1 c5
13.Bd3f5 { resign }
1-0

[Event "Match"]
[Site "www.echecsemail.com"]
[Date "2018.09.15"]
[Round "1"]
[White "Alessiov"]
[Black "Comrade"]
[WhiteElo "2260"]
[BlackElo "2180"]
[Result "1-0"]
[Round "1"]
1.e4 c5
2.Ng1f3 Nb8c6
3.Nb1c3 d6
4.d4 cxd4
5.Nf3xd4 e5
6.Nd4b3 Ng8f6
7.f3 h6
8.Bc1e3 Bc8d7
9.Qd1d2 Ra8c8
10.Qd2f2 b6
11.O-O-O Bf8e7
12.Kb1 O-O
13.h4 Bd7e6
14.g4 Nf6h7
15.Nc3d5 Be6xd5
16.exd5 Nc6b8
17.g5 h5
18.f4 exf4
19.Be3xf4 g6
20.Nb3d4 Rc8c5
21.Rd1e1 Rc5xd5
22.Qf2e3 Rf8e8
23.Bf1c4 { resign }
1-0

[Event "Fast Game"]
[Site "www.echecsemail.com"]
[Date "2018.09.15"]
[Round "1"]
[White "Apdash"]
[Black "Hennie4820"]
[WhiteElo "1920"]
[BlackElo "1720"]
[Result "1-0"]
[Round "1"]
1.d4 Ng8f6
2.c4 g6
3.Nb1c3 Bf8g7
4.e4 d6
5.Bf1d3 e5
6.d5 Nb8a6
7.f4 O-O
8.Ng1f3 Na6c5
9.Bd3c2 Bc8g4
10.O-O Rf8e8
11.fxe5 dxe5
12.Bc1g5 h6
13.Bg5xf6 Bg7xf6
14.b4 Nc5d7
15.h3 Bg4xf3
16.Qd1xf3 Bf6g7
17.Qf3xf7 Kh7
18.Ra1d1 Nd7f6
19.d6 cxd6
20.Qf7xb7 Re8e7
21.Qb7a6 Ra8b8
22.Rd1xd6 Qd8c7
23.Rf1xf6 Bg7xf6
24.Rd6xf6 { resign }
1-0

[Event "Match"]
[Site "www.echecsemail.com"]
[Date "2018.09.16"]
[Round "1"]
[White "Llord"]
[Black "J1j6"]
[WhiteElo "1940"]
[BlackElo "1920"]
[Result "0-1"]
[Round "1"]
1.e4 c5
2.Bf1c4 e6
3.Ng1f3 a6
4.a4 d5
5.exd5 exd5
6.Bc4b3 Bc8e6
7.O-O Bf8d6
8.Rf1e1 Ng8e7
9.Nb1c3 Nb8c6
10.Nc3xd5 O-O
11.Nd5xe7 Qd8xe7
12.d3 Qe7d7
13.c4 Nc6b4
14.Re1e3 Nb4c6
15.a5 Ra8c8
16.Bb3a4 Rf8e8
17.Nf3e5 Bd6xe5
18.Ra1a2 Qd7d6
19.Bc1d2 Be5xh2
20.Kf1 Bh2f4
21.Re3e2 Bf4xd2
22.Qd1xd2 Qd6h2
23.f3 Re8d8
24.b3 Nc6d4
25.Re2e3 Nd4f5
26.Re3e2 Nf5g3
27.Kf2 Ng3h5
28.Re2e3 Nh5f4
{ resign }
0-1

[Event "Match"]
[Site "www.echecsemail.com"]
[Date "2018.09.16"]
[Round "1"]
[White "Cal"]
[Black "Ztornad"]
[WhiteElo "1710"]
[BlackElo "1720"]
[Result "0-1"]
[Round "1"]
1.c4 b6
2.Nb1c3 Bc8b7
3.e4 c5
4.Ng1f3 Ng8f6
5.d3 Nb8c6
6.Bc1g5 Nc6d4
7.Nf3e5 Nd4c6
8.Bg5xf6 exf6
9.Ne5g4 Nc6e5
10.a3 Ne5xg4
11.Qd1xg4 Bb7c6
12.Bf1e2 g6
13.h3 h5
14.Qg4f3 f5
15.O-O Bf8g7
16.Qf3f4 Qd8b8
17.Qf4e3 Bg7h6
18.b4 Bh6xe3
19.fxe3 cxb4
20.axb4 fxe4
21.d4 d6
22.d5 Bc6d7
23.Nc3xe4 Bd7f5
24.Ne4g3 Bf5c2
25.e4 h4
26.Ng3h1 Bc2xe4
27.Rf1f6 Qb8d8
28.Ra1f1 O-O
29.Nh1f2 Qd8xf6
30.Nf2xe4 Qf6d4
31.Kh2 Qd4xe4
32.Be2g4 Qe4xc4
33.Rf1d1 Qc4xb4
34.Bg4d7 Ra8e8
35.Bd7xe8 Rf8xe8
36.Rd1d2 Qb4xd2
{ resign }
0-1

[Event "Tourn. n9898"]
[Site "www.echecsemail.com"]
[Date "2018.09.16"]
[Round "1"]
[White "Alekpax"]
[Black "Coolant"]
[WhiteElo "2410"]
[BlackElo "2350"]
[Result "1-0"]
[Round "1"]
1.e4 Nb8c6
2.d4 d5
3.e5 f6
4.f4 Bc8f5
5.Ng1f3 Qd8d7
6.Bf1e2 e6
7.c3 Bf5e4
8.Nb1d2 f5
9.O-O Ng8h6
10.a4 Bf8e7
11.b4 O-O
12.Nd2b3 b6
13.Be2b5 a6
14.Bb5e2 Nh6f7
15.Bc1e3 Kh8
16.a5 b5
17.Nf3e1 Rf8g8
18.Ne1d3 g5
19.Be2h5 Ra8f8
20.Bh5xf7 Rf8xf7
21.fxg5 Be7xg5
22.Be3xg5 Rg8xg5
23.Nd3f4 Rf7g7
24.Ra1a2 Nc6d8
25.Nb3c5 Qd7c8
26.Qd1e1 c6
27.Qe1h4 Kg8
28.Rf1f2 Kf7
29.Ra2e2 Kg8
30.Nf4h5 Rg7g6
31.Nh5f6 Rg6xf6
32.Qh4xg5 Rf6g6
33.Qg5e7 Nd8f7
34.Re2e3 { resign }
1-0

[Event "Tourn. n9880"]
[Site "www.echecsemail.com"]
[Date "2018.09.16"]
[Round "1"]
[White "Senitram"]
[Black "Seger"]
[WhiteElo "2520"]
[BlackElo "2860"]
[Result "1/2-1/2"]
[Round "1"]
1.Ng1f3 Ng8f6
2.d4 e6
3.c4 d5
4.Nb1c3 c5
5.cxd5 exd5
6.Bc1g5 Bc8e6
7.Bg5xf6 Qd8xf6
8.e4 dxe4
9.Bf1b5 Nb8c6
10.Qd1a4 O-O-O
11.Nc3xe4 Qf6f5
12.Bb5xc6 bxc6
13.Ne4xc5 Bf8xc5
14.dxc5 Qf5d3
15.Ra1d1 Qd3xd1
16.Qa4xd1 Rd8xd1
17.Kxd1 Rh8d8
18.Kc2 Rd8d5
19.b4 Rd5f5
20.Rh1e1 Be6xa2
21.Re1e8 Kc7
22.Re8e7 Kd8
23.Re7xa7 Ba2d5
24.Ra7a8 Kd7
25.Ra8a7 Kd8
26.Ra7a8 Kd7
27.Ra8a7 { draw }
1/2-1/2

[Event "Tourn. n9869"]
[Site "www.echecsemail.com"]
[Date "2018.09.16"]
[Round "1"]
[White "Julian"]
[Black "Passaroa25"]
[WhiteElo "1790"]
[BlackElo "1680"]
[Result "1-0"]
[Round "1"]
1.e4 Nb8c6
2.d4 Ng8f6
3.e5 Nf6d5
4.c4 Nd5b4
5.Ng1f3 h6
6.Nb1c3 e6
7.a3 Nb4a6
8.d5 Nc6e7
9.b4 Ne7g6
10.Bc1b2 Bf8e7
11.c5 c6
12.Bf1xa6 bxa6
13.O-O exd5
14.Rf1e1 Ng6f4
15.g3 Nf4h3
16.Kg2 Nh3g5
17.Nf3xg5 hxg5
18.Nc3e2 O-O
19.f4 gxf4
20.Ne2xf4 Bc8b7
21.Qd1h5 Be7g5
22.e6 dxe6
23.h4 Bg5h6
24.Re1xe6 fxe6
25.Nf4xe6 Qd8e8
26.Qh5xe8 Ra8xe8
27.Ne6xf8 Re8xf8
28.g4 Bh6f4
29.g5 Rf8f5
30.Ra1f1 g6
31.Bb2f6 Bf4c7
32.Rf1xf5 gxf5
33.Kf3 Bb7c8
34.h5 Bc8e6
35.g6 Kf8
36.h6 Be6g8
37.h7 { resign }
1-0

[Event "Tourn. n9942"]
[Site "www.echecsemail.com"]
[Date "2018.09.16"]
[Round "1"]
[White "Bigrezi"]
[Black "Fantomas"]
[WhiteElo "2300"]
[BlackElo "2080"]
[Result "1-0"]
[Round "1"]
1.e4 d5
2.exd5 Qd8xd5
3.Nb1c3 Qd5a5
4.d4 Ng8f6
5.Ng1f3 Bc8g4
6.h3 Bg4h5
7.Bc1d2 Qa5b6
8.Bf1e2 h6
9.Be2d3 Qb6e6
10.Bd2e3 Nf6h7
11.d5 Qe6c8
12.g4 Bh5g6
13.Bd3xg6 fxg6
14.Qd1d3 g5
15.Nf3e5 { resign }
1-0

[Event "Tourn. n9915"]
[Site "www.echecsemail.com"]
[Date "2018.09.16"]
[Round "1"]
[White "Passaroa25"]
[Black "Minorsana"]
[WhiteElo "1650"]
[BlackElo "1459"]
[Result "0-1"]
[Round "1"]
1.Nb1c3 d5
2.d4 Ng8f6
3.f3 c5
4.e3 Nb8c6
5.Ng1e2 e6
6.Bc1d2 a6
7.Ne2g3 cxd4
8.exd4 Nc6xd4
9.Bd2e3 Nd4c6
10.Be3f2 h5
11.h4 e5
12.Bf1e2 Bc8e6
13.Be2d3 g6
14.O-O Bf8e7
15.Nc3a4 Nf6d7
16.c3 b5
17.Na4b6 Nd7xb6
18.Bf2xb6 Qd8xb6
19.Rf1f2 Be7xh4
20.Kh2 Qb6xf2
21.Qd1f1 Bh4xg3
22.Kh1 Qf2xb2
{ resign }
0-1

[Event "Tourn. n9927"]
[Site "www.echecsemail.com"]
[Date "2018.09.16"]
[Round "1"]
[White "Orhany24"]
[Black "Apdash"]
[WhiteElo "2070"]
[BlackElo "2110"]
[Result "1-0"]
[Round "1"]
1.e4 e5
2.Ng1f3 Nb8c6
3.Bf1c4 Bf8c5
4.c3 Ng8f6
5.O-O O-O
6.d4 exd4
7.cxd4 Bc5b6
8.e5 d5
9.exf6 dxc4
10.fxg7 Kxg7
11.Bc1g5 f6
12.Bg5h4 Bc8g4
13.h3 Bg4xf3
14.Qd1xf3 Bb6xd4
15.Nb1c3 Nc6e5
16.Qf3g3 Ne5g6
17.Ra1d1 c5
18.Nc3e4 Qd8b8
19.Kh1 Qb8xg3
20.Bh4xg3 b6
21.Ne4d6 Bd4xb2
22.Nd6xc4 Bb2d4
23.Nc4d6 Bd4e5
24.Nd6f5 Kf7
25.f4 Be5c3
26.Nf5d6 Kg8
27.Nd6b5 Bc3a5
28.Rd1d7 Rf8f7
29.Rf1d1 a6
30.Nb5c7 Ra8a7
31.Rd7d8 Kg7
32.Nc7e6 Kh6
33.f5 Ng6e5
34.Bg3f4 Kh5
35.Kh2 Ra7e7
36.Rd8g8 Re7xe6
37.fxe6 Rf7e7
38.g4 Ne5xg4
39.hxg4 Kh4
40.Kg2 Re7xe6
41.Rd1h1 
1-0